Tanár nem tanár

Elmentve itt :
Bibliográfiai részletek
Szerző: Gyenge Zoltán
Adatforrás:Philobibl
Forrásdokumentuma:HVG
28.2006: 13. 79. p.
Dokumentumtípus: Cikk
Nyelv:magyar
Kulcsszavak:felelősség
kötelesség
alkalmasság
LEADER 00343nab a2200133 c 4500
001 bibPHI0036189
005 20200924123617.2
008 091215s2006 hu hun
100 1 |a Gyenge Zoltán 
245 1 0 |a Tanár nem tanár  |c Gyenge Zoltán 
695 |a felelősség 
695 |a kötelesség 
695 |a alkalmasság 
773 0 |t HVG  |g 28.2006: 13. 79. p.